00766nam a2200205 a 450000100100000000500170001000800410002704000250006808200190009310000260011224500500013824600130018826000480020130000270024950000640027665000420034065000400038295201210042299900170054300004520120201002045948.0150210s2001 dr a 000 0 spa d aDO-SdBNPbspacBNPHU aRD863.44bY36c1 aYbarra, Ondina97321710aCumayasa :bcuento infantil /cOndina Ybarra.13aCumayasa aSanto Domingo :bMediabyte,bCocolo,c2001. a32 p. :bil. ;c27 cm. aIncluye datos biográficos de de la autora en las solapas. 4aCuentos infantiles dominicanso972162 4aLiteratura infantil dominicana9441 0010718CIJ-PDaPDbBNPHUcHDd2015-02-10iLF1l0oRD863.44 Y36cp45201-10r2020-06-25w2020-06-25y1ZNo se presta c44690d44690